<?xml version="1.0" encoding="UTF-8"?>
<record
    xmlns:xsi="http://www.w3.org/2001/XMLSchema-instance"
    xsi:schemaLocation="http://www.loc.gov/MARC21/slim http://www.loc.gov/standards/marcxml/schema/MARC21slim.xsd"
    xmlns="http://www.loc.gov/MARC21/slim">

  <leader>01452nam0a2200337   4500</leader>
  <controlfield tag="001">RU\NLR\bibl\1250613</controlfield>
  <controlfield tag="005">20250615123907.0</controlfield>
  <datafield tag="010" ind1=" " ind2=" ">
    <subfield code="a">978-5-8459-0489-8</subfield>
    <subfield code="9">3000</subfield>
  </datafield>
  <datafield tag="021" ind1=" " ind2=" ">
    <subfield code="a">RU</subfield>
    <subfield code="b">2008-38207</subfield>
    <subfield code="9">2106</subfield>
  </datafield>
  <datafield tag="035" ind1=" " ind2=" ">
    <subfield code="a">(NLR Aleph) 001236702</subfield>
  </datafield>
  <datafield tag="090" ind1=" " ind2=" ">
    <subfield code="a">232763</subfield>
    <subfield code="c">232763</subfield>
  </datafield>
  <datafield tag="100" ind1=" " ind2=" ">
    <subfield code="a">20080709d2008    |||y0rusy50      ca</subfield>
  </datafield>
  <datafield tag="101" ind1="1" ind2=" ">
    <subfield code="a">rus</subfield>
    <subfield code="c">eng</subfield>
  </datafield>
  <datafield tag="102" ind1=" " ind2=" ">
    <subfield code="a">RU</subfield>
  </datafield>
  <datafield tag="105" ind1=" " ind2=" ">
    <subfield code="a">a   |||||||||</subfield>
  </datafield>
  <datafield tag="200" ind1="1" ind2=" ">
    <subfield code="a">&#x41F;&#x43E;&#x43B;&#x43D;&#x44B;&#x439; &#x441;&#x43F;&#x440;&#x430;&#x432;&#x43E;&#x447;&#x43D;&#x438;&#x43A; &#x43F;&#x43E; &#x421;++</subfield>
    <subfield code="f">&#x413;&#x435;&#x440;&#x431;&#x435;&#x440;&#x442; &#x428;&#x438;&#x43B;&#x434;&#x442;</subfield>
    <subfield code="g">[&#x43F;&#x435;&#x440;. &#x441; &#x430;&#x43D;&#x433;&#x43B;. &#x438; &#x440;&#x435;&#x434;. &#x43A;.&#x444;.-&#x43C;.&#x43D;. &#x414;.&#x410;. &#x41A;&#x43B;&#x44E;&#x448;&#x438;&#x43D;&#x430;]</subfield>
  </datafield>
  <datafield tag="205" ind1=" " ind2=" ">
    <subfield code="a">4-&#x435; &#x438;&#x437;&#x434;.</subfield>
    <subfield code="b">[&#x43E;&#x431;&#x43D;&#x43E;&#x432;&#x43B;. &#x438; &#x434;&#x43E;&#x43F;. &#x43A;&#x43B;&#x430;&#x441;&#x441;&#x438;&#x447;. &#x441;&#x43F;&#x440;&#x430;&#x432;.]</subfield>
  </datafield>
  <datafield tag="210" ind1=" " ind2=" ">
    <subfield code="a">&#x41C;&#x43E;&#x441;&#x43A;&#x432;&#x430; [&#x438; &#x434;&#x440;.]</subfield>
    <subfield code="c">&#x412;&#x438;&#x43B;&#x44C;&#x44F;&#x43C;&#x441;</subfield>
    <subfield code="d">2008</subfield>
  </datafield>
  <datafield tag="215" ind1=" " ind2=" ">
    <subfield code="a">796 &#x441;.</subfield>
    <subfield code="c">&#x438;&#x43B;.</subfield>
    <subfield code="d">24</subfield>
  </datafield>
  <datafield tag="300" ind1=" " ind2=" ">
    <subfield code="a">&#x417;&#x430;&#x433;&#x43B;. &#x438; &#x430;&#x432;&#x442;. &#x43E;&#x440;&#x438;&#x433;.: &#x421;++: the complete reference / Herbert Schildt</subfield>
  </datafield>
  <datafield tag="313" ind1=" " ind2=" ">
    <subfield code="a">&#x41F;&#x43E; &#x43F;&#x440;&#x435;&#x434;&#x44B;&#x434;&#x443;&#x449;&#x435;&#x43C;&#x443; &#x438;&#x437;&#x434;&#x430;&#x43D;&#x438;&#x44E;</subfield>
  </datafield>
  <datafield tag="320" ind1=" " ind2=" ">
    <subfield code="a">&#x41F;&#x440;&#x435;&#x434;&#x43C;. &#x443;&#x43A;&#x430;&#x437;.: &#x441;. 787-796</subfield>
  </datafield>
  <datafield tag="454" ind1=" " ind2="0">
    <subfield code="1">2001#$aC++: the complete reference$fHerbert Schildt</subfield>
    <subfield code="1">700#1$aSchildt$bH.$gHerbert$4070</subfield>
    <subfield code="t">C++: the complete reference</subfield>
    <subfield code="a">Schildt, Herbert</subfield>
  </datafield>
  <datafield tag="606" ind1="1" ind2=" ">
    <subfield code="a">C++, &#x44F;&#x437;&#x44B;&#x43A; &#x43F;&#x440;&#x43E;&#x433;&#x440;&#x430;&#x43C;&#x43C;&#x438;&#x440;&#x43E;&#x432;&#x430;&#x43D;&#x438;&#x44F;</subfield>
    <subfield code="j">&#x421;&#x43F;&#x440;&#x430;&#x432;&#x43E;&#x447;&#x43D;&#x438;&#x43A;&#x438;</subfield>
    <subfield code="9">2072018</subfield>
    <subfield code="3">RU\NLR\auth\661246828</subfield>
  </datafield>
  <datafield tag="686" ind1=" " ind2=" ">
    <subfield code="a">&#x417;973.23-018.1&#x44F;22</subfield>
  </datafield>
  <datafield tag="700" ind1=" " ind2="1">
    <subfield code="a">&#x428;&#x438;&#x43B;&#x434;&#x442;</subfield>
    <subfield code="b">&#x413;.</subfield>
    <subfield code="g">&#x413;&#x435;&#x440;&#x431;&#x435;&#x440;&#x442;</subfield>
    <subfield code="4">070</subfield>
  </datafield>
  <datafield tag="801" ind1=" " ind2="0">
    <subfield code="a">RU</subfield>
    <subfield code="b">NLR</subfield>
    <subfield code="c">20080709</subfield>
    <subfield code="g">RCR</subfield>
  </datafield>
  <datafield tag="801" ind1=" " ind2="1">
    <subfield code="a">RU</subfield>
    <subfield code="b">NLR</subfield>
    <subfield code="c">20080709</subfield>
  </datafield>
  <datafield tag="942" ind1=" " ind2=" ">
    <subfield code="c">BOOK</subfield>
  </datafield>
  <datafield tag="980" ind1=" " ind2=" ">
    <subfield code="a">NB</subfield>
  </datafield>
  <datafield tag="995" ind1=" " ind2=" ">
    <subfield code="5">2008-07-09</subfield>
    <subfield code="a">ad</subfield>
    <subfield code="b">NLR01</subfield>
    <subfield code="c">NLR01</subfield>
    <subfield code="e">RF9</subfield>
    <subfield code="f">2713466</subfield>
    <subfield code="k">2008-7/4296</subfield>
    <subfield code="o">0</subfield>
    <subfield code="r">BOOK</subfield>
    <subfield code="s">200874296_</subfield>
  </datafield>
  <datafield tag="995" ind1=" " ind2=" ">
    <subfield code="5">2008-07-09</subfield>
    <subfield code="a">ad</subfield>
    <subfield code="b">NLR01</subfield>
    <subfield code="c">NLR01</subfield>
    <subfield code="e">OBM</subfield>
    <subfield code="f">2713467</subfield>
    <subfield code="o">0</subfield>
    <subfield code="p">85.00</subfield>
    <subfield code="r">BOOK</subfield>
  </datafield>
</record>
